| 000 | 00926cam a2200337 4500 | ||
|---|---|---|---|
| 008 | 090401t1994 xxu||||| |||| 00| 0 eng d | ||
| 020 | _a0582228735 | ||
| 035 | _a(Sirsi) u68444 | ||
| 041 | _aeng | ||
| 050 | _a690.23 | ||
| 100 | _aAshworth, Allan | ||
| 245 | _aCost studies of buildings | ||
| 250 | _a2nd ed. | ||
| 260 |
_aHarlow _bLongman Scientific and Technical _c1994 |
||
| 300 | _aix,330p. ; 24cm. | ||
| 350 | _a17.99 | ||
| 520 | _aSuperseded by fourth edition. (ISBN 013145322x) | ||
| 650 | _aBUILT ENVIRONMENT-BUILDING COSTS | ||
| 650 | _aBUILDING INDUSTRY | ||
| 650 | _aCONSTRUCTION INDUSTRY | ||
| 650 | _aCOST ANALYSES | ||
| 650 | _aCOST CONTROL | ||
| 650 | _aCOST INDICES | ||
| 650 | _aCOST MODELLING | ||
| 650 | _aDEVELOPMENT APPRAISAL | ||
| 650 | _aESTIMATING | ||
| 650 | _aLIFE CYCLE COSTING | ||
| 690 | _aBUILDING AND CONSTRUCTION-ECONOMICS | ||
| 942 | _n0 | ||
| 948 | _c04/03/1997 | ||
| 999 |
_c95103 _d95103 |
||